00478nam a22001697a 450000500170000001000150001702000260003203500140005803700090007208200110008110000170009224500660010926000380017527000510021330000240026470000200028820220311102344.0 aENG-131950 a9789389845747c360.00 aEN-115482 bDBAD a005.72 aJain, Satish aWeb Designing and Publishing/cSatish Jain and M. Geetha Iyer aNew DelhibBPB Publicationsc2020 a20, Ansari Road, Darya GanjbNew Delhie110002 av, 362p.c28cm(pbk) aIyer, M. Geetha